000 00319nam a2200121Ia 4500
008 220204s9999 xx 000 0 und d
082 _a621.311
_bELG
100 _aElgerd, Olle I
245 0 _aBasic electric power engineering
260 _aCalifornia
_bAddison Wesley
_c1977
650 _aElectrical energy
942 _cBK
999 _c26757
_d26757